000 00454nam a2200157 i 4500
001 87472
003 ES-MaACL
005 20230906175658.0
007 t|
008 041222s1936 xxu ||||1| eng d
100 1 _aKretschmer, Herman L.
_968818
245 1 0 _aProstatic obstruction from the life insurance point of view /
_cby Herman L. Kretschmer.
260 _aNew York :
_b[s.n.,
_c1936]
300 _a17 p. ;
_c18 cm.
852 _aES-MaACL
_j1820-F-19
999 _c87472
_d87472